00251nam a22000857a 4500008004100000082001500041100003400056245006600090300000900156230619b xxu||||| |||| 00| 0 eng d a016.34bUN cUnited Nations Library Geneva aBibliographie Mensuelle Monthly BibiliographybNo.11/12, 1998 a241p